| 000 -LEADER |
| fixed length control field |
00972nam a2200217Ia 4500 |
| 001 - CONTROL NUMBER |
| control field |
8844 |
| 003 - CONTROL NUMBER IDENTIFIER |
| control field |
GE_BSU |
| 008 - FIXED-LENGTH DATA ELEMENTS--GENERAL INFORMATION |
| fixed length control field |
181216s||||||||xx |||||||||||||| ||und|| |
| 040 ## - CATALOGING SOURCE |
| Transcribing agency |
GE_BSU |
| 100 ## - MAIN ENTRY--PERSONAL NAME |
| Personal name |
კარბელაშვილი,გივი |
| 245 ## - TITLE STATEMENT |
| Title |
რაც მიფიქრია, რაც განმიცდია |
| 245 ## - TITLE STATEMENT |
| Remainder of title |
წერილები, ლიტ.ნარკვევები, მხატვრული ჩანახატები |
| 245 ## - TITLE STATEMENT |
| Statement of responsibility, etc. |
რედ:ზ.კილაძე,მხატვ:ი.ქლიბაძე |
| 260 ## - PUBLICATION, DISTRIBUTION, ETC. |
| Place of publication, distribution, etc. |
თბილისი |
| 260 ## - PUBLICATION, DISTRIBUTION, ETC. |
| Name of publisher, distributor, etc. |
საბჭოთა საქართველო |
| 260 ## - PUBLICATION, DISTRIBUTION, ETC. |
| Date of publication, distribution, etc. |
1975 |
| 300 ## - PHYSICAL DESCRIPTION |
| Extent |
269გვ,19სმ |
| 653 ## - INDEX TERM--UNCONTROLLED |
| Uncontrolled term |
რაც მიფიქრია, რაც განმიცდია |
| 653 ## - INDEX TERM--UNCONTROLLED |
| Uncontrolled term |
წერილები, ლიტ.ნარკვევები, მხატვრული ჩანახატები |
| 942 ## - ADDED ENTRY ELEMENTS (KOHA) |
| Koha item type |
წიგნი |